| 000 | 00466nam a2200157 i 4500 | ||
|---|---|---|---|
| 001 | 94376 | ||
| 003 | ES-MaACL | ||
| 005 | 20250516063029.0 | ||
| 007 | t| | ||
| 008 | 050428s1920 sp ||||1| spa d | ||
| 100 | 1 |
_aLorenzo, Anselmo, _d1841-1914 _9240499 |
|
| 245 | 1 | 3 |
_aEl sindicalismo _b: (el proletariado emancipador) / _cAnselmo Lorenzo. |
| 260 |
_aBarcelona : _b[s.n.], _c1920 ( _f"Germinal") |
||
| 852 |
_aES-MaACL _j1636-F-4 |
||
| 999 |
_c94376 _d94376 |
||